[Event "94th ARG-ch Superior 2019"]
[Site "Buenos Aires"]
[Date "2019.09.24"]
[Round "9.5"]
[White "Dolezal, Cristian"]
[Black "Flores, Diego"]
[Result "1/2-1/2"]
[WhiteElo "2414"]
[BlackElo "2602"]
[Annotator "TA"]
[PlyCount "57"]
[EventDate "2019.09.16"]
[EventType "tourn"]
[EventCountry "ARG"]

{[%evp 11,57,7,4,6,0,-14,-17,-14,-14,-21,-16,-14,-11,-20,-8,-29,-29,-37,-32,-43,-23,-27,-29,-11,8,9,85,-31,9,15,6,-246,67,58,51,43,41,0,0,0,0,0,0,0,0,0,0,0]} 1. e4 c5 2. Nf3 Nc6 3. d4 cxd4 4. Nxd4 Qb6 5. Nb5 Nf6 6. Be3 Qd8 7. N1c3 {Threatening Nd5. B32: Sicilian: Löwenthal and Kalashnikov Variations} a6 8. Na3 (8. Nd4 e6 9. Bd3 h5 10. h3 Qc7 11. O-O Nxd4 12. Bxd4 Bc5 13. Be2 d6 14. Qd2 Bxd4 15. Qxd4 e5 16. Qd2 Be6 17. Qg5 Ke7 18. Rad1 Rh6 19. Rd3 Rg6 20. Qd2 h4 21. Kh1 Rh8 22. Rd1 Qc5 23. Bf3 Rd8 24. Qe1 {½-½ (24) Kobalia,M (2646)-Motylev,A (2652) Cheboksary 2016}) 8... e6 9. Nc4 {[#] Bb6 is the strong threat.} b5 10. Nb6 Rb8 11. Nxc8 Rxc8 12. Bd3 $146 ({Predecessor:} 12. a3 Be7 13. Be2 O-O 14. O-O Ne5 {1-0 (57) Maduagwuna,E (2071)-Kigigha,B (2208) Lagos 2013}) 12... Qc7 13. f4 d5 14. exd5 exd5 15. Bd2 Bc5 {White must now prevent ...0-0.} 16. Qe2+ Kf8 {Threatens to win with ...Re8.} 17. O-O-O Nd4 18. Qe5 Qd7 (18... Qc6 $11 19. Rhe1 h5) 19. Rde1 (19. Be3 $16 Ng4 20. Qxd5 Qxd5 21. Nxd5 Nxe3 22. Nxe3) 19... b4 {Strongly threatening ...Re8.} 20. Ne2 Ng4 $132 {[%mdl 2048] Black has counterplay} 21. Qxd4 $4 {[%mdl 8192]} (21. Qh5 $1 $11 {and White has nothing to worry.} Nf2 22. Kb1 (22. Bxa6 Qa4 $17)) 21... a5 $2 ({Black should play} 21... Bxd4 $19 22. Nxd4 Qd6) 22. Bb5 $1 $14 {[%cal Rb5d7]} Qxb5 23. Qxd5 {Hoping for Qf5.} Ne3 24. Nd4 Bxd4 $1 {The position is equal.} 25. Qxb5 Rxc2+ {[%mdl 64] [#] Double Attack} 26. Kb1 Rxb2+ 27. Kc1 Rc2+ 28. Kb1 Rb2+ 29. Kc1 {Accuracy: White = 33%, Black = 36%.} 1/2-1/2

[Event "94th ARG-ch Superior 2019"]
[Site "Buenos Aires"]
[Date "2019.09.24"]
[Round "9.6"]
[White "Peralta, Fernando"]
[Black "Valerga, Diego"]
[Result "1/2-1/2"]
[WhiteElo "2566"]
[BlackElo "2418"]
[Annotator "Igor"]
[PlyCount "47"]
[EventDate "2019.09.16"]
[EventType "tourn"]
[EventCountry "ARG"]
[TimeControl "40/5400+30:1800+30"]

{[%evp 0,21,30,18,18,-16,-17,-9,81,43,37,37,26,3,2,2,-4,2,9,2,3,-33,-15,-32]} 1. d4 d5 2. c4 e6 3. Nc3 c5 4. cxd5 exd5 5. Nf3 Nc6 6. Be3 c4 7. g3 Bb4 8. Bg2 Nge7 9. O-O O-O 10. Bd2 Bf5 11. a3 Bxc3 12. bxc3 Be4 13. a4 Na5 14. Ra2 Nb3 15. Bg5 f6 16. Bc1 Re8 17. Re1 Qa5 18. Bb2 Nc6 19. Ra3 Qb6 20. Ra2 Qa5 21. Ra3 Qb6 22. Ba1 Qa5 23. Bb2 Qb6 24. Ra2 1/2-1/2

[Event "94th ARG-ch Superior 2019"]
[Site "Buenos Aires"]
[Date "2019.09.25"]
[Round "10.1"]
[White "Aguilar, Andres"]
[Black "Valerga, Diego"]
[Result "0-1"]
[WhiteElo "2319"]
[BlackElo "2418"]
[Annotator "Igor"]
[PlyCount "96"]
[EventDate "2019.09.16"]
[EventType "tourn"]
[EventCountry "ARG"]
[TimeControl "40/5400+30:1800+30"]

{[%evp 0,18,16,-11,34,23,25,-12,16,-6,13,16,16,4,25,26,-9,-14,-14,-6,7]} 1. c4 c6 2. Nf3 d5 3. g3 g6 4. Bg2 Bg7 5. d4 Nf6 6. O-O dxc4 7. Na3 b5 8. Ne5 Nd5 9. Nc2 Bb7 10. e4 Nb6 11. f4 N8d7 12. Nf3 O-O 13. Be3 e6 14. Qe2 Qe7 15. Rad1 Rad8 16. Qf2 f5 17. exf5 exf5 18. Ne5 Nd5 19. Bd2 N7f6 20. Ba5 Rde8 21. a3 Ne4 22. Bxe4 fxe4 23. Bb4 Nxb4 24. axb4 g5 25. Ra1 a6 26. Ra3 Bc8 27. Qe1 Bxe5 28. dxe5 c5 29. bxc5 Qxc5+ 30. Qe3 Qxe3+ 31. Nxe3 Bh3 32. Rd1 gxf4 33. gxf4 Kh8 34. Nd5 Rg8+ 35. Rg3 Rxg3+ 36. hxg3 Rd8 37. Ne3 Rxd1+ 38. Nxd1 b4 39. Ne3 Be6 40. Nc2 a5 41. Kf2 c3 42. bxc3 bxc3 43. f5 Bxf5 44. Ke3 a4 45. Na3 Kg7 46. Kd4 e3 47. Kxe3 c2 48. Kd2 Bd3 0-1

[Event "94th ARG-ch Superior 2019"]
[Site "Buenos Aires"]
[Date "2019.09.25"]
[Round "10.2"]
[White "Flores, Diego"]
[Black "Peralta, Fernando"]
[Result "1/2-1/2"]
[WhiteElo "2602"]
[BlackElo "2566"]
[Annotator "Igor"]
[PlyCount "73"]
[EventDate "2019.09.16"]
[EventType "tourn"]
[EventCountry "ARG"]
[TimeControl "40/5400+30:1800+30"]

{[%evp 0,23,27,-39,-11,-16,-8,-14,-4,-11,4,-13,9,-27,-20,-83,-39,-20,-20,-20,-33,-34,-20,-57,-41,-41]} 1. c4 e6 2. Nf3 d5 3. d4 Nf6 4. Nc3 Bb4 5. cxd5 exd5 6. Qa4+ Nc6 7. Bg5 h6 8. Bxf6 Qxf6 9. e3 O-O 10. Be2 a6 11. a3 Bxc3+ 12. bxc3 Bf5 13. O-O b5 14. Qb3 Qd6 15. Nd2 Na5 16. Qb4 Nc4 17. Nxc4 bxc4 18. Qxd6 cxd6 19. Bf3 Be6 20. Rfb1 Rab8 21. g4 Rb3 22. Rxb3 cxb3 23. Rb1 Rb8 24. Rb2 a5 25. a4 Bd7 26. Bxd5 Bxa4 27. f3 Kf8 28. Kf2 Rc8 29. c4 Rb8 30. c5 dxc5 31. dxc5 Rc8 32. c6 Bxc6 33. Bxc6 Rxc6 34. Rxb3 Ra6 35. Ke2 a4 36. Ra3 g5 37. Kd3 1/2-1/2

[Event "94th ARG-ch Superior 2019"]
[Site "Buenos Aires"]
[Date "2019.09.25"]
[Round "10.3"]
[White "Acosta, Pablo Ismael"]
[Black "Dolezal, Cristian"]
[Result "1/2-1/2"]
[WhiteElo "2445"]
[BlackElo "2414"]
[Annotator "Igor"]
[PlyCount "79"]
[EventDate "2019.09.16"]
[EventType "tourn"]
[EventCountry "ARG"]
[TimeControl "40/5400+30:1800+30"]

{[%evp 0,18,34,10,28,20,47,54,67,42,34,38,42,40,24,26,11,3,27,7,32]} 1. d4 Nf6 2. Nf3 g6 3. Bf4 d6 4. e3 Bg7 5. h3 O-O 6. Be2 b6 7. O-O Bb7 8. a4 a6 9. Nbd2 Ne4 10. Nxe4 Bxe4 11. a5 b5 12. c4 c5 13. dxc5 dxc5 14. cxb5 axb5 15. Qb3 Rxa5 16. Rad1 Qb6 17. Ng5 Ra4 18. Qxb5 Qxb5 19. Bxb5 Rb4 20. Nxe4 Rxb5 21. Rd5 Nc6 22. b3 Rxb3 23. Rxc5 Nd8 24. Rc7 e5 25. Bg5 Ne6 26. Nc5 Nxc7 27. Nxb3 Ne6 28. Bh4 Rb8 29. Nd2 Rb4 30. g4 g5 31. Bg3 f6 32. Ra1 Bf8 33. Ra7 Nc5 34. Kg2 Ra4 35. Rxa4 Nxa4 36. h4 gxh4 37. Bxh4 Kf7 38. Ne4 Be7 39. Ng3 Nc3 40. Nf5 1/2-1/2

[Event "94th ARG-ch Superior 2019"]
[Site "Buenos Aires"]
[Date "2019.09.25"]
[Round "10.4"]
[White "Scarella, Enrique Alejandro"]
[Black "Bitelmajer, Martin"]
[Result "0-1"]
[WhiteElo "2302"]
[BlackElo "2469"]
[Annotator "Igor"]
[PlyCount "155"]
[EventDate "2019.09.16"]
[EventType "tourn"]
[EventCountry "ARG"]
[TimeControl "40/5400+30:1800+30"]

{[%evp 0,30,34,9,20,13,33,18,14,-10,11,8,8,0,9,19,32,16,16,19,19,32,33,18,18,8,15,14,53,53,57,60,90]} 1. d4 Nf6 2. Nf3 e6 3. g3 c5 4. Bg2 cxd4 5. O-O d5 6. Nxd4 e5 7. Nb3 Nc6 8. Bg5 Be6 9. Nc3 d4 10. Ne4 Be7 11. Bxf6 gxf6 12. c3 dxc3 13. Nxc3 Qxd1 14. Rfxd1 O-O 15. Nd5 Bd8 16. Nc5 Bc8 17. Ne4 Kg7 18. Nd6 Bg4 19. Bf3 Bxf3 20. exf3 Nd4 21. f4 Rb8 22. Kg2 b5 23. Rac1 Bb6 24. Ne4 Bd8 25. Nc5 Re8 26. Nd7 Ra8 27. Re1 e4 28. Red1 Nf3 29. Nc3 a6 30. Nxe4 Nh4+ 31. gxh4 Rxe4 32. Kf3 Rc4 33. Rg1+ Kh8 34. Rce1 Bc7 35. Re4 f5 36. Re7 Rxf4+ 37. Ke2 Rxh4 38. Rxf7 Re8+ 39. Kd3 Rh3+ 40. Kc2 Rxh2 41. Rxf5 Re2+ 42. Kd3 Rhxf2 43. Nf6 Rd2+ 44. Ke4 Rde2+ 45. Kd3 Rg2 46. Rg5 Re3+ 47. Kxe3 Rxg1 48. Rh5 Rg7 49. Kd4 Bb6+ 50. Kd5 Bd8 51. Ne4 Rg6 52. Nc5 Be7 53. Ne6 Rg2 54. Kc6 Rxb2 55. Kd7 Bb4 56. Rh4 a5 57. Kc6 Rxa2 58. Kxb5 Re2 59. Rh6 Rg2 60. Rh5 Kg8 61. Rd5 h6 62. Rd7 Rg4 63. Nd4 Rg5+ 64. Kc4 h5 65. Nf3 Rf5 66. Nd4 Rc5+ 67. Kd3 h4 68. Ke4 Rh5 69. Nf3 h3 70. Rd1 h2 71. Rh1 Bd6 72. Ne1 a4 73. Kf3 a3 74. Nc2 a2 75. Kg2 Rb5 76. Na1 Rb1 77. Nc2 Rb2 78. Rc1 0-1

[Event "94th ARG-ch Superior 2019"]
[Site "Buenos Aires"]
[Date "2019.09.25"]
[Round "10.5"]
[White "Perez, Maximiliano"]
[Black "Pichot, Alan"]
[Result "1-0"]
[WhiteElo "2429"]
[BlackElo "2600"]
[Annotator "TA"]
[PlyCount "108"]
[EventDate "2019.09.16"]
[EventType "tourn"]
[EventCountry "ARG"]

{[%evp 19,108,15,14,-7,25,23,85,31,45,25,88,83,96,58,58,59,57,54,59,54,77,77,178,156,255,263,258,165,258,83,88,87,96,11,45,8,101,41,245,214,226,208,193,206,214,211,206,207,200,199,197,197,262,253,285,280,289,288,284,269,295,265,277,277,437,288,288,288,288,288,285,273,263,272,383,378,1251,1177,29963,29966,5177,1709,29964,29967,29968,29958,29977,29978,29979,29979,29979]} 1. e4 c5 2. Nf3 d6 3. d4 cxd4 4. Nxd4 Nf6 5. Nc3 a6 6. Bg5 e6 7. Qd2 h6 8. Bxf6 Qxf6 9. O-O-O Nc6 10. Nxc6 bxc6 11. f4 {B66: Sicilian: Richter-Rauzer: 7...a6 8 0-0-0 h6} (11. h4 Qd8 12. Bc4 Be7 13. Bb3 Bb7 14. f4 Qc7 15. f5 exf5 16. Rdf1 O-O 17. exf5 {½-½ (17) Winckelmann,T (2584)-Karacsony,Z (2585) ICCF email 2010}) 11... Be7 12. h4 Rb8 $146 (12... h5 $11) ({Predecessor:} 12... e5 13. f5 h5 14. Kb1 Rb8 15. Bc4 Qh6 16. Qf2 O-O 17. Be2 Bd8 18. Qf3 Ba5 {1-0 (34) Grau Ribas,J (2331)-Thomsen,K (2366) ICCF email 2001}) 13. g3 (13. g4 $16) 13... O-O $14 14. g4 e5 (14... g6 $1 $11) 15. f5 $16 g5 16. hxg5 Qxg5 17. Rxh6 Qxd2+ 18. Rxd2 {f6 is the strong threat.} Bg5 19. Rhxd6 Kg7 20. b3 c5 {[#]} (20... Bb7 $16) 21. Na4 $1 $18 (21. Bxa6 $2 Bxa6 22. Rxa6 Rbd8 $19) 21... Bb7 (21... a5 $16 22. Nxc5 f6) 22. Nxc5 Ba8 23. Kd1 (23. Nxa6 Rbd8 $16) 23... Rh8 (23... Bxd2 {was worth a try.} 24. Kxd2 (24. Rxd2 Rbc8 $16) 24... Rfd8 25. Rxd8 Rxd8+ 26. Bd3 a5) 24. f6+ $2 (24. Bxa6 $6 Rh1+ 25. Ke2 Rh2+ 26. Ke1 Rh1+ 27. Ke2 Rh2+ 28. Ke1 Rh1+ 29. Ke2 $16) (24. Nxa6 Rbc8 $14) (24. Rxa6 $18 {and White stays clearly on top. Strongly threatening Rd7.} Bxd2 25. Kxd2) 24... Kg6 $16 25. R2d3 (25. Rxa6 $6 Rh1 $11) 25... Rh1 {[#]} 26. Rf3 ({White should play} 26. Ke2 $1 $16) 26... a5 (26... Rc8 $5 {[%cal Rc8c5]} 27. Rxa6 Rd8+ 28. Rd3 (28. Ke1 $2 Bh4+ 29. Rf2 Rh2 $19 {[%mdl 64] Pin}) 28... Rc8 $11) 27. a3 {next Rf5 is good for White.} Rbh8 (27... Rc8 $1 $11 {remains equal.} 28. b4 axb4 29. axb4 Rxc5 {[%mdl 64] Remove Defender} 30. bxc5 Bxe4) 28. Ke2 (28. Ke1 $16) 28... Rg1 $2 (28... Rc8 $1 $14 29. b4 axb4 30. axb4 Bc6) 29. Nd3 Re8 30. Rf5 Bxe4 31. Nxe5+ Rxe5 32. Rxe5 Bf4 33. Rxe4 Bxd6 $18 {[%mdl 4096] Endgame KRB-KRB} 34. Ra4 Bc7 35. Rc4 Bd6 (35... Bd8 $142 36. b4 Kxf6) 36. b4 Rg3 37. c3 ({Don't take} 37. bxa5 Rxa3 38. Rc6 Be5 $18) 37... axb4 38. axb4 Be5 39. Kd2 Kxf6 40. Be2 Ke6 41. b5 Kd5 (41... Rg1 $142 42. Rc6+ Ke7) 42. Rc8 Bf4+ 43. Kc2 Rg2 44. c4+ Kd4 45. Rd8+ Ke4 46. Re8+ Be5 (46... Kd4 $142 47. b6 Kc5) 47. Kd2 Rg3 $2 (47... Rh2 48. Re7 Kd4 49. Rd7+ Ke4) 48. c5 Rb3 49. c6 Rb2+ 50. Kc1 {Intending Rxe5+ and mate.} Rb3 {[#]} 51. Rxe5+ $1 {White mates.} Kxe5 52. Kc2 Ra3 53. c7 Ra8 54. b6 Kd6 {Accuracy: White = 66%, Black = 29%.} 1-0

[Event "94th ARG-ch Superior 2019"]
[Site "Buenos Aires"]
[Date "2019.09.25"]
[Round "10.6"]
[White "Krysa, Leandro"]
[Black "Tristan, Leonardo"]
[Result "1-0"]
[WhiteElo "2519"]
[BlackElo "2509"]
[Annotator "Igor"]
[PlyCount "77"]
[EventDate "2019.09.16"]
[EventType "tourn"]
[EventCountry "ARG"]
[TimeControl "40/5400+30:1800+30"]

{[%evp 0,25,29,22,28,-4,-4,-11,-3,6,21,9,2,7,4,-43,-13,-59,-25,-13,-1,11,16,-29,43,17,54,0]} 1. d4 Nf6 2. c4 e6 3. Nf3 d5 4. Nc3 Bb4 5. cxd5 exd5 6. Bg5 h6 7. Bh4 O-O 8. Qc2 c5 9. dxc5 g5 10. Bg3 Ne4 11. e3 Qa5 12. Bd3 Nd7 13. Bd6 Nxc3 14. O-O Re8 15. a3 Bxc5 16. b4 Qa4 17. bxc5 Qxc2 18. Bxc2 b6 19. cxb6 Nxb6 20. Nd4 Ne4 21. Bc7 Nc4 22. Ba4 Ba6 23. Bxe8 Rxe8 24. Rfb1 Kg7 25. Bb8 Re7 26. Rb4 Kg6 27. a4 h5 28. Nb5 Na5 29. Nxa7 f6 30. Rb6 Bd3 31. Nc6 Nxc6 32. Rxc6 Kf5 33. a5 Re8 34. Bc7 Bb5 35. Rb6 Nc3 36. a6 Ne2+ 37. Kh1 Bc4 38. a7 d4 39. Rb8 1-0

[Event "94th ARG-ch Superior 2019"]
[Site "Buenos Aires"]
[Date "2019.09.26"]
[Round "11.1"]
[White "Tristan, Leonardo"]
[Black "Aguilar, Andres"]
[Result "1-0"]
[WhiteElo "2509"]
[BlackElo "2319"]
[Annotator "Igor"]
[PlyCount "77"]
[EventDate "2019.09.16"]
[EventType "tourn"]
[EventCountry "ARG"]
[TimeControl "40/5400+30:1800+30"]

{[%evp 0,12,26,20,34,-11,57,42,37,42,34,34,34,32,70]} 1. d4 Nf6 2. c4 g6 3. Nc3 Bg7 4. e4 d6 5. Be2 O-O 6. Nf3 Na6 7. Be3 c6 8. Nd2 e5 9. d5 Ne8 10. h4 f5 11. f3 f4 12. Bf2 c5 13. h5 g5 14. h6 Bf6 15. a3 Be7 16. b4 b6 17. Qb3 Rf6 18. g3 Rg6 19. gxf4 gxf4 20. O-O-O Bg5 21. Rdg1 Qf6 22. Qa4 Kf8 23. Bf1 Rxh6 24. Rxh6 Qxh6 25. Qc6 Rb8 26. Nb5 Qg7 27. Nxd6 Nxd6 28. Qxd6+ Qe7 29. bxc5 Qxd6 30. cxd6 h6 31. Nb3 Bd7 32. Kb2 Ba4 33. Bh3 Ke8 34. Be6 Rd8 35. Bh4 Rxd6 36. Bxg5 hxg5 37. Rxg5 Bxb3 38. Kxb3 Nc5+ 39. Kc3 1-0

[Event "94th ARG-ch Superior 2019"]
[Site "Buenos Aires"]
[Date "2019.09.26"]
[Round "11.2"]
[White "Pichot, Alan"]
[Black "Krysa, Leandro"]
[Result "1-0"]
[WhiteElo "2600"]
[BlackElo "2519"]
[Annotator "Igor"]
[PlyCount "69"]
[EventDate "2019.09.16"]
[EventType "tourn"]
[EventCountry "ARG"]
[TimeControl "40/5400+30:1800+30"]

{[%evp 0,21,24,39,36,36,75,47,31,31,31,37,54,54,55,56,56,61,52,46,18,14,14,30]} 1. e4 c5 2. Nf3 Nc6 3. d4 cxd4 4. Nxd4 Nf6 5. Nc3 e5 6. Ndb5 d6 7. Nd5 Nxd5 8. exd5 Nb8 9. a4 Be7 10. Be2 O-O 11. O-O Nd7 12. Bd2 a6 13. Na3 a5 14. Nc4 Nc5 15. f4 e4 16. Bc3 Bf6 17. Qd2 e3 18. Qxe3 Bf5 19. Qd2 Re8 20. Bxf6 Qxf6 21. Bf3 Rac8 22. b3 Qg6 23. Rae1 Bxc2 24. Nxd6 Qxd6 25. Qxc2 h6 26. g3 Qb6 27. Kg2 Rxe1 28. Rxe1 Qxb3 29. Qf5 Rf8 30. d6 Nd3 31. Re2 Qc3 32. Bd5 Nb4 33. Bxf7+ Kh8 34. d7 Nc6 35. Re8 1-0

[Event "94th ARG-ch Superior 2019"]
[Site "Buenos Aires"]
[Date "2019.09.26"]
[Round "11.3"]
[White "Bitelmajer, Martin"]
[Black "Perez, Maximiliano"]
[Result "1-0"]
[WhiteElo "2469"]
[BlackElo "2429"]
[Annotator "Igor"]
[PlyCount "67"]
[EventDate "2019.09.16"]
[EventType "tourn"]
[EventCountry "ARG"]
[TimeControl "40/5400+30:1800+30"]

{[%evp 0,22,21,31,14,-12,54,23,16,8,9,3,23,23,34,12,22,2,16,16,20,16,11,34,34]} 1. d4 Nf6 2. c4 g6 3. g3 Bg7 4. Bg2 O-O 5. Nf3 d6 6. O-O Nbd7 7. Qc2 e5 8. Rd1 exd4 9. Nxd4 Re8 10. Nc3 a6 11. b3 Rb8 12. Bb2 c6 13. e4 Qe7 14. h3 c5 15. Nde2 b5 16. cxb5 axb5 17. Nf4 b4 18. Ncd5 Qf8 19. Rd2 Bb7 20. Rad1 Nxd5 21. Nxd5 Bxb2 22. Qxb2 Bxd5 23. Rxd5 Re6 24. Qd2 Rb6 25. f3 Qe7 26. h4 Rf6 27. f4 Re6 28. e5 f6 29. Rxd6 Rexd6 30. exd6 Qf8 31. Bd5+ Kg7 32. Be6 Qd8 33. Qd5 Ra6 34. Qb7 1-0

[Event "94th ARG-ch Superior 2019"]
[Site "Buenos Aires"]
[Date "2019.09.26"]
[Round "11.4"]
[White "Dolezal, Cristian"]
[Black "Scarella, Enrique Alejandro"]
[Result "1-0"]
[WhiteElo "2414"]
[BlackElo "2302"]
[Annotator "ChessBase"]
[PlyCount "103"]
[EventDate "2019.09.16"]
[EventType "tourn"]
[EventCountry "ARG"]
[SourceTitle "playchess.com"]
[Source "ChessBase"]
[SourceQuality "1"]
[TimeControl "40/5400+30:1800+30"]

{[%evp 0,21,32,17,99,72,88,88,54,42,42,42,42,50,51,35,33,12,12,6,-2,-9,-1,-2]} 1. e4 c5 2. Nf3 d6 3. d4 cxd4 4. Nxd4 Nf6 5. Nc3 Nc6 6. Be2 g6 7. O-O Bg7 8. Nb3 O-O 9. Re1 Be6 10. Bg5 Rc8 11. Qd2 Re8 12. Rad1 Ne5 13. Bb5 Bd7 14. Qe2 Bxb5 15. Qxb5 Qd7 16. Qe2 Nc4 17. Bc1 Qg4 18. f3 Qh5 19. Qf2 a6 20. a4 e6 21. Ne2 Nd7 22. c3 b5 23. Nf4 Qe5 24. Nd3 Qf6 25. axb5 axb5 26. Nd4 Rb8 27. Nc6 Rbc8 28. Ndb4 Bf8 29. Nd4 Nc5 30. Nxb5 Nb3 31. Nd3 Bg7 32. Nxd6 Nxd6 33. e5 Qe7 34. exd6 Qxd6 35. Bf4 Qc6 36. Be5 f6 37. Bf4 Bf8 38. Be3 e5 39. Qc2 Rb8 40. Re2 Rec8 41. Ne1 Bc5 42. Bxc5 Qxc5+ 43. Kh1 Kh8 44. Nd3 Qb6 45. Re4 Nd4 46. Qf2 Qb3 47. Rd2 Nc6 48. Qh4 Kg7 49. Nxe5 fxe5 50. Rd7+ Kg8 51. Qxh7+ Kf8 52. Qg7+ 1-0

[Event "94th ARG-ch Superior 2019"]
[Site "Buenos Aires"]
[Date "2019.09.26"]
[Round "11.6"]
[White "Valerga, Diego"]
[Black "Flores, Diego"]
[Result "1/2-1/2"]
[WhiteElo "2418"]
[BlackElo "2602"]
[Annotator "Igor"]
[PlyCount "61"]
[EventDate "2019.09.16"]
[EventType "tourn"]
[EventCountry "ARG"]
[TimeControl "40/5400+30:1800+30"]

{[%evp 0,13,32,25,26,-11,10,-19,6,4,26,12,14,3,-4,-7]} 1. d4 Nf6 2. c4 e6 3. Nc3 Bb4 4. Nf3 b6 5. Bg5 Bb7 6. e3 h6 7. Bh4 g5 8. Bg3 Ne4 9. Nd2 Bxc3 10. bxc3 Nxg3 11. fxg3 d6 12. e4 Nd7 13. Bd3 Qf6 14. Nf3 g4 15. Ng1 h5 16. Ne2 Qg5 17. Qd2 Qxd2+ 18. Kxd2 Ke7 19. Raf1 h4 20. Rf4 Rag8 21. Ke3 Rg7 22. gxh4 Rxh4 23. Ng3 Rgh7 24. Be2 Rxh2 25. Rxh2 Rxh2 26. Rxg4 Nf6 27. Rg5 Rh8 28. Bf3 Ba6 29. Be2 Bb7 30. Bf3 Ba6 31. Be2 1/2-1/2